Transparency in the acquired language competences
Jazyková diverzita v Európskej únii. Možnosti na trhu EÚ. Jazyková politika Európskej únie. Štandardizácia jazykových zručností. Štandardizácia, transparentnosť a benchmarking v jazykových kompetenciách. Projekt TALC. Metodológia. Predbežné výsledky.
Uložené v:
| Hlavný autor: | |
|---|---|
| Ďalší autori: | , |
| Médium: | Kapitola |
| Jazyk: | English |
| Predmet: | |
| Tagy: |
Žiadne tagy, Buďte prvý, kto otaguje tento záznam!
|
MARC
| LEADER | 00000nla$a2200000$$$4500 | ||
|---|---|---|---|
| 001 | 0096271 | ||
| 005 | 20240502083242.4 | ||
| 041 | 0 | |a eng | |
| 044 | |a ES | ||
| 245 | 1 | 0 | |a Transparency in the acquired language competences |c Helena Šajgalíková, Ruth Breeze, Elena Delgadová |
| 520 | |a Jazyková diverzita v Európskej únii. Možnosti na trhu EÚ. Jazyková politika Európskej únie. Štandardizácia jazykových zručností. Štandardizácia, transparentnosť a benchmarking v jazykových kompetenciách. Projekt TALC. Metodológia. Predbežné výsledky. | ||
| 610 | 2 | 0 | |a jazyky cudzie |
| 610 | 2 | 0 | |a diverzifikácia |
| 610 | 2 | 0 | |a trh spoločný |
| 610 | 2 | 0 | |a štandardizácia |
| 610 | 2 | 0 | |a benchmarking |
| 610 | 2 | 0 | |a projekty |
| 610 | 2 | 0 | |a Európska únia |
| 100 | 1 | |a Šajgalíková, Helena | |
| 700 | 1 | |a Breeze, Ruth | |
| 700 | 1 | |a Delgadová, Elena | |